| 000 | 00979nam a2200241Ia 4500 | ||
|---|---|---|---|
| 003 | GCL | ||
| 008 | 140319s9999 xx 000 0 ara d | ||
| 040 |
_aGCL / _cGCL |
||
| 082 | 0 | 4 |
_a956.903 _bى ص |
| 100 | 1 | _aيوسف العاصى الطويل | |
| 245 | 1 | 0 |
_aالصليبيون الجدد: الحملة الثامنة: دراسة فى اسباب التحيز الامريكى لاسرائيل / _cيوسف العاصى الطويل |
| 300 | _a128 ص | ||
| 490 |
_aالهيئة العامة للاستعلامات _v0 |
||
| 650 | 0 | 4 | _aفلسطين |
| 650 | 0 | 4 | _aاسرائيل |
| 650 | 0 | 4 | _aالصهيونية |
| 650 | 0 | 4 | _aاسرائيل - تاريخ |
| 650 | 0 | 4 | _aاسرائيل - تاريخ - العصر الحديث |
| 650 | 0 | 4 | _aفلسطين - تاريخ - العصر الحديث |
| 650 | 0 | 4 | _aبريطانيا - علاقات خارجية |
| 650 | 0 | 4 | _aالولايات المتحدة الامريكية - العلاقات الخارجية |
| 942 |
_2ddc _cBK |
||
| 999 |
_c51937 _d51937 |
||